UBT Library

Dolce Vita (Record no. 60794)

000 -LEADER
fixed length control field 00318nam a22001337a 4500
008 - FIXED-LENGTH DATA ELEMENTS--GENERAL INFORMATION
fixed length control field 260212b ||||| |||| 00| 0 eng d
020 ## - INTERNATIONAL STANDARD BOOK NUMBER
International Standard Book Number 9788861823938
041 ## - LANGUAGE CODE
Language code of text/sound track or separate title ital
080 ## - UNIVERSAL DECIMAL CLASSIFICATION NUMBER
Field link and sequence number 2.1
Universal Decimal Classification number 2.1
100 ## - Rafti
Rafti 20
101 ## - Shkurtesa
Shkurtesa ital
245 ## - TITLE STATEMENT
Title Dolce Vita
Statement of responsibility, etc Alessandro De Giuli, Ciro Massimo Naddeo
942 ## - ADDED ENTRY ELEMENTS (KOHA)
Source of classification or shelving scheme
Item type Books
Holdings
Withdrawn status Lost status Source of classification or shelving scheme Damaged status Not for loan Collection code Permanent location Current location Date acquired Total Checkouts Barcode Date last seen Price effective from Koha item type
          Koleksioni i përgjithshem UBT - Lipjan UBT - Lipjan 02/12/2026   002-800070999419 02/12/2026 02/12/2026 Books
UBT Library © 2015-2024. All rights reserved University Education for Business and Technology